000 00300nam a22001337a 4500
008 171030b xxu||||| |||| 00| 0 eng d
020 _a0314817212
041 _aeng
080 _a336
100 _a56
101 _aFIN
245 _aINTERNATIONAL FINANCIAL MARKETS
_cTUCKER.A.L
942 _2udc
_cBK
999 _c36345
_d36345